Insect ecology : (Record no. 7013)
[ view plain ]
| 000 -LEADER | |
|---|---|
| fixed length control field | 00714cam a22002414a 4500 |
| 001 - CONTROL NUMBER | |
| control field | BD-DhSAU 7013 |
| 003 - CONTROL NUMBER IDENTIFIER | |
| control field | BD-DhSAU |
| 005 - DATE AND TIME OF LATEST TRANSACTION | |
| control field | 20150516161442.0 |
| 008 - FIXED-LENGTH DATA ELEMENTS--GENERAL INFORMATION | |
| fixed length control field | 050929s2006 mauab rb 001 0 eng |
| 020 ## - INTERNATIONAL STANDARD BOOK NUMBER | |
| International Standard Book Number | 9780120887729 |
| 040 ## - CATALOGING SOURCE | |
| Original cataloging agency | BD-DhSAU |
| 082 00 - DEWEY DECIMAL CLASSIFICATION NUMBER | |
| Classification number | 595.717 |
| Edition number | 22 |
| Item number | SCI |
| 100 1# - MAIN ENTRY--PERSONAL NAME | |
| Personal name | Schowalter, Timothy Duane, |
| Dates associated with a name | 1952- |
| 245 10 - TITLE STATEMENT | |
| Title | Insect ecology : |
| Remainder of title | an ecosystem approach / |
| Statement of responsibility, etc. | Timothy D. Schowalter. |
| 250 ## - EDITION STATEMENT | |
| Edition statement | 2nd ed. |
| 260 ## - PUBLICATION, DISTRIBUTION, ETC. (IMPRINT) | |
| Place of publication, distribution, etc. | Burlington, MA : |
| Name of publisher, distributor, etc. | Academic Press, |
| Date of publication, distribution, etc. | c2006. |
| 300 ## - PHYSICAL DESCRIPTION | |
| Extent | xii, 572 p. : |
| Other physical details | ill., maps ; |
| Dimensions | 27 cm. |
| 504 ## - BIBLIOGRAPHY, ETC. NOTE | |
| Bibliography, etc | Includes bibliographical references and indexes. |
| 590 ## - Name of Cataloguer | |
| Name of Cataloger | joy |
| 650 #0 - SUBJECT ADDED ENTRY--TOPICAL TERM | |
| Topical term or geographic name as entry element | Insects |
| General subdivision | Ecology. |
| 650 #0 - SUBJECT ADDED ENTRY--TOPICAL TERM | |
| Topical term or geographic name as entry element | Plant pathology. |
| 942 ## - ADDED ENTRY ELEMENTS (KOHA) | |
| Source of classification or shelving scheme | Dewey Decimal Classification |
| Koha item type | Book |
| Withdrawn status | Lost status | Source of classification or shelving scheme | Damaged status | Not for loan | Collection code | Home library | Branch Name | Shelving location | Date acquired | Total Checkouts | Full call number | Barcode | Date last seen | Price effective from | Koha item type | Date checked out |
|---|---|---|---|---|---|---|---|---|---|---|---|---|---|---|---|---|
| Dewey Decimal Classification | Not For Loan | Reference | SAU Library | SAU Library | Reference | 30/06/2008 | 595.717 SCI | 34169 | 16/05/2015 | 16/05/2015 | Book | |||||
| Dewey Decimal Classification | SAU Library | SAU Library | General Stacks | 30/06/2008 | 2 | 595.717 SCI | 34171 | 09/11/2025 | 18/06/2015 | Book | 11/09/2025 | |||||
| Dewey Decimal Classification | SAU Library | SAU Library | General Stacks | 30/06/2008 | 595.717 SCI | 34170 | 20/06/2015 | 20/06/2015 | Book |
